Games semasa persidangan pengarah-pengarah [ 11 November 1992
| Corporate Author: | |
|---|---|
| Format: | Book |
| Language: | Malay |
| Published: |
Pahang :
Fraser Hill ,
1992
|
| Subjects: |
MARC
| LEADER | 00000cam a2200000 7i4500 | ||
|---|---|---|---|
| 001 | 0000022394 | ||
| 005 | 20090719.0 | ||
| 008 | 090719 my v may | ||
| 040 | |a INS | ||
| 090 | 0 | 0 | |a VCD 1546 |
| 245 | 0 | 0 | |a Games semasa persidangan pengarah-pengarah [ |h cakera video] : |b 11 November 1992 |
| 260 | |a Pahang : |b Fraser Hill , |c 1992 | ||
| 300 | |a 1 cakera video (36 min.) : |b bny., wrn. ; |c 4 3/4 in. | ||
| 650 | 0 | 0 | |a Group Games |
| 710 | 1 | |a Jabatan Penilaian dan Perkhidmatan Harta | |
| 999 | |a VCD0001546 |b DIGITAL VIDEO CD |c Media Collection |e Default branch | ||